000 00689nam a2200229Ia 4500
003 GCL
008 140319s9999 xx 000 0 ara d
040 _aGCL /
_cGCL
082 0 4 _a320.01
_bب ش
100 1 _aبيريس، شيمون
245 1 0 _aالشرق الاوسط الجديد /
_cبيريس، شيمون
700 1 _aمحمد حلمى عبدالحافظ
260 _a[S.N] :
_bالاهلية للنشر والتوزيع
490 _a
650 0 4 _aالفلسفة
650 0 4 _aالنزاع العربى الاسرائيلى
650 0 4 _aفلسطين
650 0 4 _aالشرق الاوسط
650 0 4 _aاسرائيل
650 0 4 _aالسلام
942 _2ddc
_cBK
999 _c54569
_d54569